[Event "Montreal Mercredi 05"]
[Site "Montreal"]
[Date "2018.05.23"]
[Round "3"]
[White "Jacquet, Stephane"]
[Black "Beaulieu, Pierre"]
[Result "1-0"]
[WhiteElo "1955"]
[BlackElo "1901"]
[PlyCount "75"]
[EventDate "2018.05.09"]
[EventType "swiss"]
[EventRounds "5"]
[EventCountry "CAN"]
[SourceTitle "EXT 2022"]
[Source "ChessBase"]
[SourceDate "2021.10.06"]
[SourceVersion "1"]
[SourceVersionDate "2021.10.06"]
[SourceQuality "1"]

1. d4 Nf6 2. c4 e6 3. Nf3 b6 4. g3 Bb7 5. Bg2 Be7 6. 0-0 h6 7. Nc3 Ne4 8. Qc2 Nxc3 9. bxc3 d6 10. Rd1 Nd7 11. e4 Qc8 12. d5 e5 13. Bh3 Qd8 14. Qe2 0-0 15. Nd2 Bg5 16. Nf1 Bxc1 17. Raxc1 Nc5 18. f3 g6 19. Ne3 Kg7 20. Kh1 Qe7 21. Rg1 Bc8 22. Qg2 Qg5 23. Rce1 Kh7 24. Bg4 f5 25. h4 Qf6 26. exf5 gxf5 27. Qc2 Kh8 28. Bh3 Bd7 29. Re2 e4 30. fxe4 Nxe4 31. Nxf5 Bxf5 32. Bxf5 Nxg3+ 33. Rxg3 Qxh4+ 34. Rh3 Qxc4 35. Rxh6+ Kg7 36. Re7+ Rf7 37. Rh7+ Kg8 38. Qg2+ 1-0

[Event "Montreal Mercredi 02"]
[Site "Montreal"]
[Date "2018.02.28"]
[Round "2"]
[White "Nunez, Omar"]
[Black "Jacquet, Stephane"]
[Result "1/2-1/2"]
[WhiteElo "1968"]
[BlackElo "1991"]
[PlyCount "87"]
[EventDate "2018.02.21"]
[EventType "swiss"]
[EventRounds "5"]
[EventCountry "CAN"]
[SourceTitle "EXT 2022"]
[Source "ChessBase"]
[SourceDate "2021.10.06"]
[SourceVersion "1"]
[SourceVersionDate "2021.10.06"]
[SourceQuality "1"]

1. d4 Nf6 2. Nf3 g6 3. Bf4 Bg7 4. e3 0-0 5. Be2 c5 6. 0-0 cxd4 7. exd4 d6 8. c4 Nc6 9. Nc3 Bg4 10. Qd2 Rc8 11. Rfe1 a6 12. b3 Qc7 13. Rac1 Rfe8 14. h3 Bxf3 15. Bxf3 Nxd4 16. Qxd4 e5 17. Qd2 exf4 18. Qxf4 Rxe1+ 19. Rxe1 b5 20. Nd5 Nxd5 21. Bxd5 Be5 22. Qe4 Re8 23. Kf1 Re7 24. Qd3 b4 25. h4 Kg7 26. h5 Qd7 27. hxg6 hxg6 28. Qf3 a5 29. Re4 a4 30. Re2 axb3 31. axb3 Qd8 32. g3 Ra7 33. Kg2 Qa5 34. Qd3 Qa1 35. Qe3 Qd4 36. f4 Qxe3 37. Rxe3 Bd4 38. Rd3 Ra2+ 39. Kf3 Rf2+ 40. Ke4 Bc5 41. g4 f6 42. Rf3 Rg2 43. Be6 Rd2 44. Rd3 1/2-1/2

[Event "Montreal Mercredi 01"]
[Site "Montreal"]
[Date "2018.02.07"]
[Round "5"]
[White "Jacquet, Stephane"]
[Black "Nunez, Omar"]
[Result "1-0"]
[WhiteElo "1931"]
[BlackElo "1974"]
[PlyCount "93"]
[EventDate "2018.01.10"]
[EventType "swiss"]
[EventRounds "5"]
[EventCountry "CAN"]
[SourceTitle "EXT 2022"]
[Source "ChessBase"]
[SourceDate "2021.10.06"]
[SourceVersion "1"]
[SourceVersionDate "2021.10.06"]
[SourceQuality "1"]

1. d4 c5 2. d5 e5 3. e4 Nf6 4. Nc3 d6 5. Nf3 Be7 6. Be2 0-0 7. 0-0 Ne8 8. a4 Na6 9. Nd2 Bg5 10. Nc4 Bxc1 11. Qxc1 f5 12. f4 exf4 13. Qxf4 Nb4 14. Bd3 Rf6 15. Rae1 Nxd3 16. cxd3 fxe4 17. Qxe4 Rxf1+ 18. Kxf1 Qf6+ 19. Kg1 Bf5 20. Qe3 Qd4 21. Qxd4 cxd4 22. Ne4 Rd8 23. Na5 Rd7 24. Nb3 Bxe4 25. dxe4 d3 26. Kf2 Nf6 27. Ke3 Re7 28. Kd4 Re5 29. Nd2 Rg5 30. g3 Nd7 31. Nf3 Rh5 32. Kxd3 Nc5+ 33. Kd4 Nxa4 34. b4 Rh6 35. Rc1 Nb6 36. Rc7 Rf6 37. Ng5 h6 38. Ne6 Rf7 39. Rxf7 Kxf7 40. Nd8+ Ke7 41. Nxb7 Nd7 42. Na5 a6 43. Nc4 Nf6 44. Nxd6 Kxd6 45. e5+ Kd7 46. exf6 gxf6 47. g4 1-0

[Event "Montreal Mercredi 01"]
[Site "Montreal"]
[Date "2018.01.17"]
[Round "2"]
[White "Jacquet, Stephane"]
[Black "Lebeau, Gilbert"]
[Result "1/2-1/2"]
[WhiteElo "1931"]
[BlackElo "1954"]
[PlyCount "129"]
[EventDate "2018.01.10"]
[EventType "swiss"]
[EventRounds "5"]
[EventCountry "CAN"]
[SourceTitle "EXT 2022"]
[Source "ChessBase"]
[SourceDate "2021.10.06"]
[SourceVersion "1"]
[SourceVersionDate "2021.10.06"]
[SourceQuality "1"]

1. d4 d5 2. c4 c6 3. Nc3 Nf6 4. Nf3 e6 5. cxd5 cxd5 6. Bg5 Nbd7 7. e3 a6 8. Bd3 Be7 9. 0-0 0-0 10. Ne5 Ne8 11. Bf4 Nxe5 12. Bxe5 f5 13. f4 Nf6 14. Rc1 Bd7 15. Na4 Ng4 16. Bc7 Qe8 17. Nb6 Nxe3 18. Qb3 Nxf1 19. Nxa8 Nd2 20. Qc2 Nf3+ 21. gxf3 Qg6+ 22. Kf2 Bh4+ 23. Ke3 Rxa8 24. Bd6 h6 25. Qe2 Rc8 26. Rxc8+ Bxc8 27. Qf1 Bd7 28. b3 Bf6 29. a4 Qe8 30. Qc1 g5 31. fxg5 hxg5 32. Qc7 Qc8 33. Qxc8+ Bxc8 34. Be5 Kf7 35. h3 Kg6 36. f4 gxf4+ 37. Kxf4 Bg5+ 38. Kg3 Bd2 39. Be2 Bd7 40. h4 Be8 41. Bd6 Be3 42. Be5 b5 43. Bd1 bxa4 44. bxa4 a5 45. Bc2 Kh7 46. Kf3 Bd2 47. Bc7 Bh5+ 48. Kf2 Bg4 49. Bd6 Kg6 50. Bb3 Kh5 51. Be7 f4 52. Bc2 Be3+ 53. Kg2 Bxd4 54. Bd8 Bc3 55. Bb3 d4 56. Bc4 f3+ 57. Kf2 Bd2 58. Kf1 Bf5 59. Kf2 Kg4 60. Bg5 Bxg5 61. hxg5 Kxg5 62. Kxf3 Bc2 63. Bxe6 Bxa4 64. Ke4 Kf6 65. Ba2 1/2-1/2

[Event "Montreal Young Stars 2"]
[Site "Montreal"]
[Date "2017.12.17"]
[Round "7.6"]
[White "Jacquet, Stephane"]
[Black "Joanis, Marc Andre"]
[Result "1/2-1/2"]
[WhiteElo "1951"]
[BlackElo "1797"]
[PlyCount "61"]
[EventDate "2017.12.09"]
[EventType "swiss"]
[EventRounds "8"]
[EventCountry "CAN"]
[SourceTitle "EXT 2022"]
[Source "ChessBase"]
[SourceDate "2021.10.06"]
[SourceVersion "1"]
[SourceVersionDate "2021.10.06"]
[SourceQuality "1"]

1. d4 d5 2. c4 dxc4 3. e3 e5 4. Bxc4 exd4 5. exd4 Nf6 6. Nf3 Bd6 7. 0-0 0-0 8. Bg5 Nc6 9. Re1 Bg4 10. d5 Bxf3 11. Qxf3 Ne5 12. Qc3 Nxc4 13. Qxc4 h6 14. Bh4 g5 15. Bg3 Bxg3 16. hxg3 Nxd5 17. Nc3 c6 18. Rad1 Qb6 19. Nxd5 cxd5 20. Qxd5 Rad8 21. Qe5 Rxd1 22. Rxd1 Rd8 23. Rc1 Qd6 24. Qxd6 Rxd6 25. Rc7 Rb6 26. b3 Ra6 27. Rxb7 Rxa2 28. b4 a5 29. Ra7 a4 30. b5 Rb2 31. Rxa4 1/2-1/2

[Event "Montreal Mercredi 11"]
[Site "Montreal"]
[Date "2017.12.13"]
[Round "5"]
[White "Lebeau, Gilbert"]
[Black "Jacquet, Stephane"]
[Result "1/2-1/2"]
[WhiteElo "1986"]
[BlackElo "1912"]
[PlyCount "75"]
[EventDate "2017.11.15"]
[EventType "swiss"]
[EventRounds "5"]
[EventCountry "CAN"]
[SourceTitle "EXT 2022"]
[Source "ChessBase"]
[SourceDate "2021.10.06"]
[SourceVersion "1"]
[SourceVersionDate "2021.10.06"]
[SourceQuality "1"]

1. d4 Nf6 2. c4 g6 3. Nc3 Bg7 4. e4 d6 5. Bd3 0-0 6. Nge2 e5 7. d5 Nh5 8. 0-0 Nd7 9. Rb1 a5 10. a3 Nc5 11. Bc2 f5 12. b4 axb4 13. axb4 Nxe4 14. Nxe4 fxe4 15. Bxe4 Qh4 16. f3 Bd7 17. Be3 Nf4 18. Nxf4 exf4 19. Bf2 Qf6 20. Qc2 Ra4 21. c5 Rfa8 22. cxd6 Qxd6 23. Qc5 Ra2 24. Rfc1 Be5 25. h3 Rd2 26. Rc2 Ra2 27. Rbc1 b6 28. Qc4 Rb2 29. Rxb2 Rxb2 30. Be1 Ba4 31. Bc3 Bxc3 32. Qxc3 Rxb4 33. Qxc7 Qxc7 34. Rxc7 Rd4 35. g3 Rd1+ 36. Kf2 Rd2+ 37. Ke1 Rd1+ 38. Kf2 1/2-1/2

[Event "Montreal Young Stars 2"]
[Site "Montreal"]
[Date "2017.12.10"]
[Round "3.3"]
[White "Jacquet, Stephane"]
[Black "Bassel, Charaf"]
[Result "0-1"]
[WhiteElo "1951"]
[BlackElo "1973"]
[PlyCount "112"]
[EventDate "2017.12.09"]
[EventType "swiss"]
[EventRounds "8"]
[EventCountry "CAN"]
[SourceTitle "EXT 2022"]
[Source "ChessBase"]
[SourceDate "2021.10.06"]
[SourceVersion "1"]
[SourceVersionDate "2021.10.06"]
[SourceQuality "1"]

1. d4 d5 2. c4 e6 3. Nc3 Nf6 4. cxd5 exd5 5. Bg5 c6 6. Qc2 Be7 7. e3 Nbd7 8. Bd3 0-0 9. Nf3 Re8 10. 0-0 h6 11. Bh4 Ne4 12. Bg3 Nxg3 13. hxg3 Nf8 14. Ne5 Bd6 15. Nf3 Bg4 16. Rae1 Qf6 17. Nh4 g6 18. f4 Re7 19. Nf3 Bxf3 20. gxf3 Rae8 21. Qf2 Ne6 22. Kg2 Kg7 23. a3 Rh8 24. b4 h5 25. Ne2 h4 26. g4 g5 27. f5 Nc7 28. e4 dxe4 29. fxe4 Rhe8 30. e5 Bxe5 31. dxe5 Rxe5 32. Ng1 Nd5 33. Qd2 Rxe1 34. Rxe1 Rxe1 35. Qxe1 Nf4+ 36. Kf1 Nxd3 37. Qe3 Qa1+ 38. Ke2 Nf4+ 39. Kd2 Qb2+ 40. Kd1 Qa1+ 41. Kd2 Qa2+ 42. Kd1 Qd5+ 43. Kc2 Qg2+ 44. Kb1 Qxg4 45. Qe5+ Kh7 46. Qf6 Qxg1+ 47. Ka2 Qg2+ 48. Kb3 Qd5+ 49. Kc2 Ne2 50. Qxg5 Nd4+ 51. Kc3 Nxf5 52. Qh5+ Kg7 53. Qg5+ Kf8 54. Qh5 Qe5+ 55. Kd2 Qf4+ 56. Kc3 h3 0-1